000 00489nam a22001817a 4500
003 CEME
005 20210628204133.0
008 210112b xxu||||| |||| 00| 0 eng d
020 _a9788126912018
040 _cceme
082 _a621 KHA
100 _aKhan, Rasheed Ahmed , Ali Hasan , Anand, Ravinder Kumar
_968887
245 _aMechanical engineering
260 _aINDIA
_bATLANTIC BOOKS
_c2009
300 _aVI, 641P
650 _aMECHANICAL ENGINEERING.
_928067
942 _cBK
_2ddc
999 _c576346
_d576346